[Event "28. Obert La Pobla de Lillet - Torneo B"]
[Site "La Pobla de Lillet ESP"]
[Date "2018.08.09"]
[Round "9.2"]
[White "Camprubi Juanola, Jaume"]
[Black "Puente Fernandez, Lucas"]
[Result "1-0"]
[WhiteElo "1587"]
[BlackElo "1299"]
[PlyCount "73"]
[EventDate "2018.08.01"]
[EventType "swiss"]
[EventRounds "9"]
[EventCountry "ESP"]
[SourceTitle "Ajedrez en Madrid"]
[Source "lmi"]
[SourceDate "2018.08.01"]
[SourceVersion "1"]
[SourceVersionDate "2019.06.15"]
[SourceQuality "1"]

1. c4 Nf6 2. Nc3 e6 3. g3 d5 4. cxd5 exd5 5. Bg2 c6 6. d3 Bd6 7. Nf3 O-O 8. O-O
h6 9. a3 Bf5 10. Nd4 Bh7 11. Bd2 Qb6 12. Nc2 Nbd7 13. b4 Rfe8 14. b5 Rac8 15.
bxc6 bxc6 16. Be3 Qc7 17. Rc1 Nb6 18. Nb4 Qd7 19. Na4 Nxa4 20. Qxa4 Bxb4 21.
axb4 Re7 22. Rfe1 c5 23. Qxd7 Nxd7 24. bxc5 Nf6 25. Bf4 Rce8 26. d4 Be4 27.
Bxe4 Rxe4 28. e3 R4e6 29. Ra1 a6 30. Reb1 Nd7 31. Rb7 Nf6 32. Ra7 Rc6 33. R1xa6
Rec8 34. Rxc6 Rxc6 35. f3 Kf8 36. Bd6+ Ke8 37. Re7+ 1-0

[Event "28. Obert La Pobla de Lillet - Torneo B"]
[Site "La Pobla de Lillet ESP"]
[Date "2018.08.09"]
[Round "9.3"]
[White "Gomez Sanchez, Javier"]
[Black "Creixans Comerma, Pol"]
[Result "0-1"]
[WhiteElo "1409"]
[BlackElo "1630"]
[PlyCount "65"]
[EventDate "2018.08.01"]
[EventType "swiss"]
[EventRounds "9"]
[EventCountry "ESP"]
[SourceTitle "Ajedrez en Madrid"]
[Source "lmi"]
[SourceDate "2018.08.01"]
[SourceVersion "1"]
[SourceVersionDate "2019.06.15"]
[SourceQuality "1"]

1. e4 c5 2. Nc3 g6 3. Bc4 Bg7 4. Qf3 e6 5. Nb5 d6 6. Qg3 Be5 7. f4 Bf6 8. Nf3
a6 9. Nxd6+ Qxd6 10. e5 Bxe5 11. fxe5 Qc7 12. O-O Ne7 13. d3 Nf5 14. Qg5 O-O
15. Bf4 b5 16. Bb3 c4 17. dxc4 bxc4 18. Ba4 Qb6+ 19. Kh1 Qxb2 20. Nd2 Qb4 21.
g4 Qxa4 22. gxf5 exf5 23. Be3 c3 24. Qg2 Qc6 25. Nf3 Bb7 26. Bh6 Rd8 27. Qg5
Nd7 28. Rad1 Qxf3+ 29. Rxf3 Bxf3+ 30. Kg1 Bxd1 31. Qe7 Nf8 32. Qc5 Rac8 33.
Bxf8 0-1

[Event "28. Obert La Pobla de Lillet - Torneo B"]
[Site "La Pobla de Lillet ESP"]
[Date "2018.08.09"]
[Round "9.4"]
[White "Ambros Pladellorens, Jordi"]
[Black "Torralbas Guma, Guillem"]
[Result "1-0"]
[WhiteElo "1768"]
[BlackElo "1656"]
[PlyCount "123"]
[EventDate "2018.08.01"]
[EventType "swiss"]
[EventRounds "9"]
[EventCountry "ESP"]
[SourceTitle "Ajedrez en Madrid"]
[Source "lmi"]
[SourceDate "2018.08.01"]
[SourceVersion "1"]
[SourceVersionDate "2019.06.15"]
[SourceQuality "1"]

1. e4 g6 2. d4 Bg7 3. Be3 d6 4. Nf3 a6 5. c3 b5 6. Bd3 Bb7 7. Nbd2 Nd7 8. h4
Ngf6 9. Bg5 c5 10. Qe2 h6 11. Bf4 Qb6 12. e5 dxe5 13. dxe5 Nd5 14. Bg3 c4 15.
Bc2 Nc5 16. O-O O-O 17. Nd4 e6 18. Ne4 Nxe4 19. Bxe4 Rac8 20. h5 Ne7 21. hxg6
Nxg6 22. Bxg6 fxg6 23. a4 Bd5 24. axb5 axb5 25. Ra2 Ra8 26. Rfa1 Rxa2 27. Rxa2
Ra8 28. Rxa8+ Bxa8 29. Nc2 Qc6 30. f3 Qc5+ 31. Kh2 Bd5 32. f4 Bf8 33. Bf2 Qc6
34. Nd4 Qb7 35. Qg4 Kf7 36. Qh4 Bg7 37. Qg3 b4 38. Be1 b3 39. Qf2 h5 40. Qe2
Bf8 41. g4 hxg4 42. Qxg4 Qe7 43. Bh4 Qd7 44. Qg5 Qe7 45. Qxe7+ Bxe7 46. Bxe7
Kxe7 47. Kg3 Be4 48. Kg4 Kf7 49. Kg5 Bd5 50. Nb5 Kg7 51. Nd6 Bc6 52. Nxc4 Be4
53. Nd6 Bd3 54. c4 Be2 55. c5 Bf3 56. Nb5 Bc6 57. Nd4 Bd5 58. c6 Kf7 59. c7 Bb7
60. Nxb3 Ke7 61. Nc5 Bc8 62. b4 1-0

[Event "28. Obert La Pobla de Lillet - Torneo B"]
[Site "La Pobla de Lillet ESP"]
[Date "2018.08.09"]
[Round "9.5"]
[White "Rossell Aran, Joan"]
[Black "Vegara Gallego, Pere"]
[Result "1/2-1/2"]
[WhiteElo "1489"]
[BlackElo "1625"]
[PlyCount "60"]
[EventDate "2018.08.01"]
[EventType "swiss"]
[EventRounds "9"]
[EventCountry "ESP"]
[SourceTitle "Ajedrez en Madrid"]
[Source "lmi"]
[SourceDate "2018.08.01"]
[SourceVersion "1"]
[SourceVersionDate "2019.06.15"]
[SourceQuality "1"]

1. e4 e5 2. Nf3 Nc6 3. d4 exd4 4. Nxd4 d6 5. Nc3 Nf6 6. Nxc6 bxc6 7. Bc4 Be7 8.
O-O O-O 9. Bf4 Be6 10. Bxe6 fxe6 11. e5 Nd5 12. Nxd5 cxd5 13. Qg4 Qd7 14. Rad1
dxe5 15. Bxe5 Bf6 16. Rfe1 Rae8 17. c4 c6 18. Bxf6 Rxf6 19. Re5 Qf7 20. cxd5
cxd5 21. f3 Rg6 22. Qh5 Rf6 23. Qxf7+ Kxf7 24. Kf2 Rc8 25. Ke3 Rc2 26. Rd2 Rxd2
27. Kxd2 Rf4 28. Re3 Rc4 29. Rc3 Rxc3 30. Kxc3 Ke7 1/2-1/2